Mayo fue el fin del mundo : (Record no. 140848)

MARC details
000 -LEADER
campo de control de longitud fija 00657nam a2200229 i 4500
001 - NÚMERO DE CONTROL
campo de control 140848
003 - IDENTIFICADOR DE NÚMERO DE CONTROL
campo de control ES-MaACL
005 - FECHA Y HORA DE LA ÚLTIMA TRANSACCIÓN
campo de control 20250809195004.0
007 - CAMPO FIJO DE DESCRIPCIÓN FÍSICA--INFORMACIÓN GENERAL
campo de control de longitud fija t|
008 - DATOS DE LONGITUD FIJA--INFORMACIÓN GENERAL
campo de control de longitud fija 070917s1970 sp ||||1| spa d
080 ## - NÚMERO DE LA CLASIFICACIÓN DECIMAL UNIVERSAL
Número de la Clasificación Decimal Universal 82-311.2"19"
100 1# - ENTRADA PRINCIPAL--NOMBRE DE PERSONA
Nombre de persona Yerby, Frank.
9 (RLIN) 117621
245 10 - MENCIÓN DEL TÍTULO
Título Mayo fue el fin del mundo :
Resto del título novela /
Mención de responsabilidad, etc. Frank Yerby ; [traducción de Carlos Pujol].
250 ## - MENCION DE EDICION
Mención de edición 1ª ed.
260 ## - PUBLICACIÓN, DISTRIBUCIÓN, ETC.
Lugar de publicación, distribución, etc. Barcelona :
Nombre del editor, distribuidor, etc. Planeta,
Fecha de publicación, distribución, etc. 1970.
300 ## - DESCRIPCIÓN FÍSICA
Extensión 284 p. ;
Dimensiones 18 cm.
490 1# - MENCIÓN DE SERIE
Mención de serie Infinito ;
Designación de volumen o secuencia 107
600 14 - PUNTO DE ACCESO ADICIONAL DE MATERIA--NOMBRE DE PERSONA
Nombre de persona Pujol, Carlos,
Fechas asociadas al nombre 1936-2012
9 (RLIN) 94332
830 1# - PUNTO DE ACCESO ADICIONAL DE SERIE-TÍTULO UNIFORME
Título uniforme Infinito ;
Designación de volumen o secuencia 107
9 (RLIN) 183611
852 ## - LOCALIZACIÓN
Ubicación ES-MaACL
Número de control de estantería C-39940
Holdings
Estatus retirado Estado de pérdida Estado de daño No para préstamo Biblioteca de origen Biblioteca actual Ubicación en estantería Fecha de adquisición Fuente de adquisición Total de préstamos Signatura topográfica completa Código de barras Visto por última vez Precio de reemplazo Tipo de ítem Koha
        Biblioteca del Ateneo de Madrid Biblioteca del Ateneo de Madrid Depósito 2 17/01/2008     C-39940 1146562 23/02/2023 23/02/2023 Libro impreso